000 00300nam a22001337a 4500
008 170220b xxu||||| |||| 00| 0 eng d
020 _a9781449632267
041 _aeng
080 _a615
100 _a5
101 _aSHF
245 _aTHE 21ST CENTURY PHARMACY TECHNICIAN
_cSHAH, B
942 _2udc
_cBK
999 _c5779
_d5779